| 000 | 00427nam a22001455i 4500 | ||
|---|---|---|---|
| 001 | 172047 | ||
| 003 | ES-MaACL | ||
| 005 | 20230906214813.0 | ||
| 008 | 090612s1927 fr |||| | fre d | ||
| 100 | 1 |
_aSouriau, Maurice. _9140649 |
|
| 245 | 1 | 0 |
_aHistoire du romanticisme en France / _cMaurice Souriau. |
| 260 |
_aParis : _b[s.n.], _c1927 ( _eBourges : _fA. Tardy) |
||
| 300 |
_a3 v. ; _c25 cm. |
||
| 852 |
_aES-MaACL _jB-1333-35 |
||
| 999 |
_c172047 _d172047 |
||